Operating systems : a spiral approach (Record no. 195274)

MARC details
000 -LEADER
fixed length control field 00438nam a2200157Ia 4500
005 - DATE AND TIME OF LATEST TRANSACTION
control field 20250606143918.0
008 - FIXED-LENGTH DATA ELEMENTS--GENERAL INFORMATION
fixed length control field 231217s9999 xx 000 0 und d
020 ## - INTERNATIONAL STANDARD BOOK NUMBER
International Standard Book Number 9780071070942
082 ## - DEWEY DECIMAL CLASSIFICATION NUMBER
Classification number 001.642 ELM;1
100 ## - MAIN ENTRY--PERSONAL NAME
Personal name Elmasri, Ramez. Carrick, A Gil. Levine, David.
245 #0 - TITLE STATEMENT
Title Operating systems : a spiral approach
260 ## - PUBLICATION, DISTRIBUTION, ETC. (IMPRINT)
Date of publication, distribution, etc. 2010
Name of publisher, distributor, etc. McGraw-Hill
Place of publication, distribution, etc. New York
300 ## - PHYSICAL DESCRIPTION
Extent xiv, 526
650 ## - SUBJECT ADDED ENTRY--TOPICAL TERM
Topical term or geographic name as entry element Operating,spiral
942 ## - ADDED ENTRY ELEMENTS (KOHA)
Koha item type Books
Holdings
Date last seen Total Checkouts Full call number Accession number Old discount Cost, replacement price Price effective from Category Lost status Damaged status Department Withdrawn status bill no. bill date Permanent Location Current Location Shelving location Entry date Vendor Cost, normal purchase price Grants Currency symbol Conversion rate Discount Discount type Date checked out
26/01/2024   001.642 ELM;1 86246 25 375.00 26/01/2024 Books     MCA   73187 03/12/2021 Central Library Central Library MCA 15/06/2013 Book Paradise 500.00 MCA RS 1 125 Rupees  
26/01/2024   001.642 ELM;2 R 86247 25 375.00 26/01/2024 Books     Central Library   73187 03/12/2021 Central Library Central Library Central Library 15/06/2013 Book Paradise 500.00 MCA RS 1 125 Rupees  
04/01/2025 3 001.642 ELM;3 R1 86248 25 375.00 26/01/2024 Books     Central Library   73187 03/12/2021 Central Library RFID Kiosk Central Library 15/06/2013 Book Paradise 500.00 MCA RS 1 125 Rupees 04/01/2025

© For any Suggestions or Query, please contact the library staff @ librarian@pes.edu or Phone: +9180 2672 1983/ 2108.